000 00405nam a2200145Ia 4500
008 220217s9999||||xx |||||||||||||| ||und||
020 _a8190371738
082 _a624.1834 SHA
100 _ashah V.L and Karve S.R
245 0 _aillustrated reinforced concrete design
250 _a5th
260 _aStandard publishers
_bDelhi
_c2015
300 _aXIV, 562p.
_b400
650 _aCONCRETE TECHNOLOGY
999 _c186835
_d186835